[Event "IECC Swiss-419.4"]
[Site "IECC email"]
[Date "2003.01.08"]
[Round "?"]
[White "Zednik, Martin"]
[Black "Garcia, Antonio Lopez"]
[Result "1-0"]
[WhiteElo "1905"]
[BlackElo "1517"]
[PlyCount "107"]
[EventDate "2003.??.??"]
[EventType "swiss (corr)"]
[EventRounds "1"]
[SourceTitle "Corr 2020"]
[Source "ChessBase"]
[SourceDate "2019.09.30"]
[SourceVersion "1"]
[SourceVersionDate "2019.09.30"]
[SourceQuality "1"]
[WhiteTeam "Czech Republic"]
[BlackTeam "Spain"]
[WhiteTeamCountry "CZE"]
[BlackTeamCountry "ESP"]

1. e4 c5 2. f4 d5 3. exd5 Qxd5 4. Nc3 Qd8 5. Nf3 Nf6 6. Bc4 e6 7. 0-0 Nc6 8. d3 Be7 9. Bb5 Bd7 10. Bxc6 Bxc6 11. Ne5 Rc8 12. Qe2 0-0 13. a3 Qb6 14. Kh1 Rfd8 15. b3 Qc7 16. Nxc6 Qxc6 17. Bb2 b5 18. f5 b4 19. Nd1 Nd5 20. Ne3 Bf6 21. Bxf6 Nxf6 22. axb4 cxb4 23. Rxa7 Qc5 24. Ra6 e5 25. Nc4 Qd4 26. Qf2 Qxf2 27. Rxf2 e4 28. Rd2 exd3 29. Rxd3 Rxd3 30. cxd3 Kf8 31. h3 Rc5 32. Ra8+ Ke7 33. Ra7+ Kf8 34. g4 Rd5 35. Kg2 h5 36. g5 Ne8 37. g6 Rxf5 38. gxf7 Rxf7 39. Ra5 Rd7 40. Ne5 Rb7 41. Kf3 Nf6 42. Kf4 Ke7 43. Kf5 Kd6 44. d4 Rb8 45. Nc4+ Kc6 46. Rc5+ Kd7 47. h4 Ke7 48. Rc7+ Kf8 49. Kg6 Ne8 50. Rd7 Rc8 51. d5 Rc7 52. Rd8 Ke7 53. Rb8 Kd7 54. Nb6+ 1-0

[Event "IECC Swiss email"]
[Site "IECC email"]
[Date "2002.06.10"]
[Round "?"]
[White "Garcia, Antonio Lopez"]
[Black "Wozniak, Zbigniew"]
[Result "0-1"]
[WhiteElo "1506"]
[BlackElo "1311"]
[PlyCount "90"]
[EventDate "2002.??.??"]
[EventType "tourn (corr)"]
[EventRounds "6"]
[SourceTitle "Corr 2008"]
[Source "ChessBase"]
[SourceDate "2008.06.24"]
[SourceVersion "1"]
[SourceVersionDate "2008.06.24"]
[SourceQuality "1"]

1. e4 c5 2. Nf3 e6 3. d4 cxd4 4. Nxd4 a6 5. Bd3 Bc5 6. Nb3 Ba7 7. Qe2 Nc6 8. Be3 Bxe3 9. Qxe3 d6 10. Nc3 Nf6 11. 0-0-0 0-0 12. f4 Qc7 13. g4 b5 14. g5 Nd7 15. f5 b4 16. Ne2 a5 17. f6 a4 18. Nbd4 Nce5 19. fxg7 Kxg7 20. Nb5 Qc5 21. Qxc5 dxc5 22. Nf4 b3 23. cxb3 axb3 24. a3 c4 25. Be2 Nc5 26. Rd4 Bb7 27. Nd6 c3 28. Nxb7 Nxb7 29. h4 Nc5 30. Rh3 cxb2+ 31. Kxb2 Rfc8 32. Rc3 Ra5 33. Rb4 Nc6 34. Kb1 Na7 35. h5 Rxa3 36. h6+ Kf8 37. Nd3 Nd7 38. Rcxb3 Rxb3+ 39. Rxb3 Rc7 40. e5 Nc6 41. Rc3 Rb7+ 42. Kc1 Ncxe5 43. Nxe5 Nxe5 44. Rc8+ Ke7 45. Rh8 Ng6 0-1

[Event "IECC Swiss email"]
[Site "IECC email"]
[Date "2002.03.10"]
[Round "?"]
[White "Garcia, Antonio Lopez"]
[Black "Szava, Miklos"]
[Result "1/2-1/2"]
[WhiteElo "1489"]
[BlackElo "2241"]
[PlyCount "73"]
[EventDate "2002.??.??"]
[EventType "tourn (corr)"]
[EventRounds "6"]
[SourceTitle "Corr 2008"]
[Source "ChessBase"]
[SourceDate "2008.06.24"]
[SourceVersion "1"]
[SourceVersionDate "2008.06.24"]
[SourceQuality "1"]

1. e4 c5 2. Nf3 d6 3. d4 cxd4 4. Nxd4 Nf6 5. Nc3 g6 6. Be3 Bg7 7. f3 0-0 8. Bc4 Nc6 9. 0-0 Qb6 10. Bb3 Ng4 11. fxg4 Bxd4 12. Bxd4 Qxd4+ 13. Qxd4 Nxd4 14. g5 Be6 15. Nd5 Bxd5 16. exd5 e5 17. Rf6 Rad8 18. Raf1 Rd7 19. c3 Ne2+ 20. Kf2 Nf4 21. g3 Nh5 22. Rf3 f5 23. gxf6 Rdf7 24. Ke2 Nxf6 25. a4 Kg7 26. c4 Rc8 27. Ba2 b6 28. h3 a5 29. b3 e4 30. Rf4 Re8 31. Ke3 Re5 32. Bb1 h5 33. Kd4 Rg5 34. Rg1 Re7 35. Bxe4 Nd7 36. Bc2 Rge5 37. Rgf1 1/2-1/2

[Event "IECC Swiss email"]
[Site "IECC email"]
[Date "2001.07.17"]
[Round "?"]
[White "Garcia, Antonio Lopez"]
[Black "Rodionov, Alexey"]
[Result "1-0"]
[WhiteElo "1454"]
[BlackElo "1782"]
[PlyCount "51"]
[EventDate "2001.??.??"]
[EventType "tourn (corr)"]
[EventRounds "6"]
[SourceTitle "Corr 2008"]
[Source "ChessBase"]
[SourceDate "2008.06.24"]
[SourceVersion "1"]
[SourceVersionDate "2008.06.24"]
[SourceQuality "1"]

1. e4 c5 2. Nf3 d6 3. d4 cxd4 4. Nxd4 Nf6 5. Nc3 g6 6. Be3 Bg7 7. Be2 Nc6 8. 0-0 0-0 9. Nb3 Be6 10. f4 Na5 11. f5 Bc4 12. Bd3 Bxd3 13. cxd3 Nxb3 14. Qxb3 Ng4 15. Bg5 Bd4+ 16. Kh1 Nf2+ 17. Rxf2 Bxf2 18. Nd5 Re8 19. Rf1 Bd4 20. fxg6 hxg6 21. Nb6 Rf8 22. Nxa8 Bf6 23. Bh6 Re8 24. d4 d5 25. e5 Bg7 26. e6 1-0

[Event "IECC Swiss email"]
[Site "IECC email"]
[Date "2001.06.09"]
[Round "?"]
[White "Hassan, William"]
[Black "Garcia, Antonio Lopez"]
[Result "1-0"]
[WhiteElo "1837"]
[BlackElo "1445"]
[PlyCount "45"]
[EventDate "2001.??.??"]
[EventType "tourn (corr)"]
[EventRounds "6"]
[SourceTitle "Corr 2008"]
[Source "ChessBase"]
[SourceDate "2008.06.24"]
[SourceVersion "1"]
[SourceVersionDate "2008.06.24"]
[SourceQuality "1"]

1. e4 c5 2. f4 d5 3. exd5 Nf6 4. c4 e6 5. dxe6 Bxe6 6. Nc3 Bd6 7. Nf3 Bxf4 8. d4 cxd4 9. Bxf4 dxc3 10. Qxd8+ Kxd8 11. 0-0-0+ Nbd7 12. b3 Re8 13. Bd3 b5 14. cxb5 Rc8 15. Rhe1 Nd5 16. Bd6 h6 17. Nd4 N7b6 18. Nc6+ Kd7 19. Bg3 Bg4 20. a4 g6 21. a5 Bxd1 22. Rxd1 Ke6 23. axb6 1-0

[Event "IECC Swiss email"]
[Site "IECC email"]
[Date "2001.05.31"]
[Round "?"]
[White "Garcia, Antonio Lopez"]
[Black "Newton, Hobart E"]
[Result "1/2-1/2"]
[WhiteElo "1419"]
[BlackElo "2040"]
[PlyCount "51"]
[EventDate "2001.??.??"]
[EventType "tourn (corr)"]
[EventRounds "6"]
[SourceTitle "Corr 2008"]
[Source "ChessBase"]
[SourceDate "2008.06.24"]
[SourceVersion "1"]
[SourceVersionDate "2008.06.24"]
[SourceQuality "1"]

1. d4 Nf6 2. c4 g6 3. Nc3 Bg7 4. e4 d6 5. f4 0-0 6. Nf3 Na6 7. Be2 c5 8. 0-0 cxd4 9. Nxd4 Nc5 10. Bf3 Bg4 11. Be3 Bxf3 12. Qxf3 Qc8 13. Rad1 Ng4 14. f5 Nxe3 15. Qxe3 Qd7 16. b4 Na4 17. Nd5 Nb6 18. Nxb6 axb6 19. fxg6 fxg6 20. a3 Rxf1+ 21. Rxf1 Rc8 22. Qd3 Bf6 23. Rd1 Qe8 24. Rc1 Qf7 25. Rc2 Kh8 26. Nf3 1/2-1/2

[Event "IECC CL6-2001.13"]
[Site "IECC email"]
[Date "2001.04.07"]
[Round "?"]
[White "Garcia, Antonio Lopez"]
[Black "Copin, Jean Christophe"]
[Result "1-0"]
[WhiteElo "1441"]
[BlackElo "1140"]
[PlyCount "67"]
[EventDate "2001.??.??"]
[EventType "tourn (corr)"]
[EventRounds "4"]
[SourceTitle "Corr 2008"]
[Source "ChessBase"]
[SourceDate "2008.06.24"]
[SourceVersion "1"]
[SourceVersionDate "2008.06.24"]
[SourceQuality "1"]

1. d4 Nf6 2. c4 e6 3. Nc3 b6 4. e4 Bb4 5. Bg5 h6 6. Bxf6 Qxf6 7. e5 Qe7 8. Nf3 d5 9. Rc1 Ba6 10. Qa4+ c6 11. cxd5 Bxf1 12. Kxf1 b5 13. Nxb5 cxb5 14. Qxb5+ Nd7 15. a3 Rb8 16. Qa4 0-0 17. Rc7 Nb6 18. Rxe7 Nxa4 19. axb4 Rxb4 20. dxe6 fxe6 21. Rxa7 Nxb2 22. Ke2 Rc8 23. Rb1 Rc2+ 24. Kf1 Rbc4 25. Re7 Nd3 26. Rxe6 Rxf2+ 27. Kg1 Rcc2 28. Nh4 Nf4 29. Re8+ Kf7 30. Rd8 Ke6 31. Rb7 Rxg2+ 32. Nxg2 Rxg2+ 33. Kh1 g5 34. Rd6+ 1-0

[Event "IECC Swiss email"]
[Site "IECC email"]
[Date "2001.01.06"]
[Round "?"]
[White "Garcia, Antonio Lopez"]
[Black "Hassan, William"]
[Result "1/2-1/2"]
[WhiteElo "1279"]
[BlackElo "1839"]
[PlyCount "81"]
[EventDate "2001.??.??"]
[EventType "tourn (corr)"]
[EventRounds "6"]
[SourceTitle "Corr 2008"]
[Source "ChessBase"]
[SourceDate "2008.06.24"]
[SourceVersion "1"]
[SourceVersionDate "2008.06.24"]
[SourceQuality "1"]

1. d4 c5 2. d5 e5 3. c4 d6 4. Nc3 f5 5. e4 Nf6 6. exf5 Bxf5 7. Nge2 Nh5 8. Ng3 Nxg3 9. hxg3 Be7 10. Bd3 0-0 11. Qc2 Qc8 12. Be3 Bxd3 13. Qxd3 Qf5 14. Ne4 Nd7 15. f3 Qg6 16. a3 Nf6 17. Nxf6+ Rxf6 18. Qxg6 Rxg6 19. b4 Rxg3 20. Kf2 Rg6 21. bxc5 dxc5 22. Rh5 Bd6 23. Rd1 Rf8 24. Rh4 b6 25. Bd2 Bc7 26. Rdh1 h6 27. Re4 Rgf6 28. Rd1 Re8 29. Bc3 g5 30. Rde1 Rf4 31. Ke3 Bd6 32. a4 h5 33. Rh1 h4 34. Bd2 Kg7 35. Kd3 Rxe4 36. Kxe4 Kg6 37. a5 Bc7 38. axb6 axb6 39. Ra1 Rh8 40. Ra7 Bd8 41. Ra8 1/2-1/2

[Event "IECC Swiss email"]
[Site "IECC email"]
[Date "2000.07.21"]
[Round "?"]
[White "Venturas, Bob"]
[Black "Garcia, Antonio Lopez"]
[Result "0-1"]
[WhiteElo "1332"]
[BlackElo "1214"]
[PlyCount "64"]
[EventDate "2000.??.??"]
[EventType "tourn (corr)"]
[EventRounds "6"]
[SourceTitle "Corr 2008"]
[Source "ChessBase"]
[SourceDate "2008.06.24"]
[SourceVersion "1"]
[SourceVersionDate "2008.06.24"]
[SourceQuality "1"]

1. e4 c5 2. c4 Nc6 3. Nc3 d6 4. h3 g6 5. b3 Bg7 6. Bb2 Nf6 7. d3 0-0 8. Be2 b6 9. Bf3 Bb7 10. g4 Nd7 11. Qd2 Nde5 12. Bg2 Nb4 13. Bf1 e6 14. 0-0-0 Qh4 15. Kb1 Nxg4 16. Nf3 Qh5 17. Bg2 Ne5 18. Nxe5 dxe5 19. a3 Bh6 20. Qe1 Nc6 21. Nb5 Rad8 22. a4 a6 23. Nc3 Rd7 24. Bf1 Nd4 25. Ka2 Rfd8 26. Be2 Nxe2 27. Nxe2 Rxd3 28. Rb1 Rd2 29. Ng3 Qf3 30. Rf1 R8d3 31. Ka1 Rxb3 32. Qxd2 Bxd2 0-1

[Event "IECC Swiss email"]
[Site "IECC email"]
[Date "2000.07.18"]
[Round "?"]
[White "Garcia, Antonio Lopez"]
[Black "Meijer, Wilmar"]
[Result "1/2-1/2"]
[WhiteElo "1199"]
[BlackElo "1936"]
[PlyCount "53"]
[EventDate "2000.??.??"]
[EventType "tourn (corr)"]
[EventRounds "6"]
[SourceTitle "Corr 2008"]
[Source "ChessBase"]
[SourceDate "2008.06.24"]
[SourceVersion "1"]
[SourceVersionDate "2008.06.24"]
[SourceQuality "1"]

1. d4 Nf6 2. c4 c5 3. d5 b5 4. cxb5 a6 5. bxa6 Bxa6 6. Nc3 d6 7. Nf3 g6 8. e4 Bxf1 9. Rxf1 Nbd7 10. Bg5 Bg7 11. Nd2 Ne5 12. Qe2 Qb6 13. Rb1 h6 14. Be3 Nfg4 15. Bf4 g5 16. Bg3 c4 17. Nxc4 Nxc4 18. Qxc4 0-0 19. Ke2 Rfc8 20. Qd3 Ne5 21. Bxe5 Bxe5 22. Rfc1 Rxc3 23. Rxc3 Bxc3 24. Qxc3 Rxa2 25. Kf1 Qb5+ 26. Kg1 Kh7 27. h3 1/2-1/2